Effect of probiotics in concentrate feed on quail growth at royal university of agriculture, ឥទ្ធិពលរបស់PROBIOTICSក្នុងចំណីផ្សំលើការលូតលាស់របស់ក្រូចនៅសាកលវិទ្យាល័យភូមិន្ទកសិកម្ម (Record no. 2540)
[ view plain ]
| 000 -LEADER | |
|---|---|
| fixed length control field | 00691nam a22001577a 4500 |
| 003 - CONTROL NUMBER IDENTIFIER | |
| control field | OSt |
| 005 - DATE AND TIME OF LATEST TRANSACTION | |
| control field | 20151024085814.0 |
| 008 - FIXED-LENGTH DATA ELEMENTS--GENERAL INFORMATION | |
| fixed length control field | 151024b xxu||||| |||| 00| 0 eng d |
| 040 ## - CATALOGING SOURCE | |
| Transcribing agency | RUA |
| 082 ## - DEWEY DECIMAL CLASSIFICATION NUMBER | |
| Classification number | AVM SOU 2011 B099 Or.1 |
| 100 ## - MAIN ENTRY--PERSONAL NAME | |
| 9 (RLIN) | 2715 |
| Personal name | SOUUN, SIVATHA. |
| 245 ## - TITLE STATEMENT | |
| Title | Effect of probiotics in concentrate feed on quail growth at royal university of agriculture, ឥទ្ធិពលរបស់PROBIOTICSក្នុងចំណីផ្សំលើការលូតលាស់របស់ក្រូចនៅសាកលវិទ្យាល័យភូមិន្ទកសិកម្ម |
| 260 ## - PUBLICATION, DISTRIBUTION, ETC. (IMPRINT) | |
| Place of publication, distribution, etc. | Phnom Penh |
| Name of publisher, distributor, etc. | RUA |
| Date of publication, distribution, etc. | 2011 |
| 300 ## - PHYSICAL DESCRIPTION | |
| Extent | ix; 43p. |
| Other physical details | ill. |
| Dimensions | 29cm. |
| 942 ## - ADDED ENTRY ELEMENTS (KOHA) | |
| Source of classification or shelving scheme | |
| Koha item type | AVM |
| Price effective from | Date last seen | Permanent Location | Not for loan | Date acquired | Source of classification or shelving scheme | Koha item type | Lost status | Withdrawn status | Date last checked out | Total Checkouts | Shelving location | Damaged status | Barcode | Current Location | Full call number |
|---|---|---|---|---|---|---|---|---|---|---|---|---|---|---|---|
| 2015-10-24 | 2025-07-14 | Library Block B | 2015-10-24 | AVM | 2025-06-17 | 2 | B099 | RUA017161 | Library Block B | AVM SOU 2011 B099 Or.1 | |||||
| 2015-10-24 | 2023-09-22 | Library Block B | 2015-10-24 | AVM | 2023-09-05 | 2 | B099 | RUA015927 | Library Block B | AVM SOU 2011 B099 Or.2 | |||||
| 2015-10-24 | 2024-07-12 | Library Block B | 2015-10-24 | AVM | 2024-06-21 | 1 | B099 | RUA016273 | Library Block B | AVM SOU 2011 B099 Or.3 | |||||
| 2015-10-24 | 2015-10-24 | Library Block B | 2015-10-24 | AVM | B099 | RUA011058 | Library Block B | AVM SOU 2011 B099 Or.4 | |||||||
| 2015-10-24 | 2015-10-24 | Library Block B | 2015-10-24 | AVM | B099 | RUA016015 | Library Block B | AVM SOU 2011 B099 Or.5 | |||||||
| 2015-10-24 | 2023-09-22 | Library Block B | 2015-10-24 | AVM | 2023-09-05 | 1 | B099 | RUA016023 | Library Block B | AVM SOU 2011 B099 Or.6 | |||||
| 2019-06-29 | 2025-08-19 | Library Block B | 2019-06-29 | AVM | 2025-08-05 | 3 | B1.238 | A36745 | Library Block B | AVM SOU 2011 B1.238 Or.1 |